Haltestellen der Linie 6 (Wien) - Statistiken

Allgemein
  • Dieses Quiz wurde 46 mal gespielt
  • Das Durchschnittsergebnis liegt bei 15 aus 18
Antwortstatistiken
Andere Linien Haltestelle % Korrekt
U6, 18, 48A Burggasse-Stadthalle
100%
9, 18, 49 Urban-Loritz-Platz
100%
U3, U6, ÖBB, 5, 9, 18, 52, 60 Westbahnhof
97%
U6, 18, 57A Gumpendorfer Straße
94%
U1, 11, 7A, 14A, 65A, 66A, 68A, 68B Reumannplatz
91%
18, 59A Arbeitergasse/Gürtel
89%
18, 62, WLB, 12A Eichenstraße
89%
11 Geiereckstraße
89%
U4, 18 Margaretengürtel
89%
18 Mariahilfer Gürtel
89%
1, 18, 62, WLB, 14A Matzleinsdorfer Platz
86%
O, 11 Quellenplatz
86%
D, 11 Absberggasse
80%
1 Knöllgasse
80%
- Neilreichgasse
77%
11 Gellertplatz
60%
11 Schrankenberggasse
60%
- Bernhardtstalgasse
57%
Keine übereinstimmenden Quizze gefunden
Verteilung der Resultate
Anzahl Personen mit jedem Resultat
Perzentil nach korrekt beantworteten Fragen
Ihre Resultats-Entwicklung
Sie haben dieses Quiz noch nicht gespielt